| 000 -LEADER |
| fixed length control field |
00698cam a2200205 a 4500 |
| 020 ## - INTERNATIONAL STANDARD BOOK NUMBER |
| ISBN |
0792367219 (alk. paper) |
| 040 ## - CATALOGING SOURCE |
| Transcribing agency |
DLC |
| 082 00 - DEWEY DECIMAL CLASSIFICATION NUMBER |
| Classification number |
333 KLU 2001 C156 Or. |
| 245 00 - TITLE STATEMENT |
| Title |
Environment in the 21st century and new development patterns / |
| 246 3# - VARYING FORM OF TITLE |
| Title proper/short title |
Environment in the twenty-first century and new development patterns |
| 260 ## - PUBLICATION, DISTRIBUTION, ETC. (IMPRINT) |
| Place of publication |
Dordrecht ; |
| -- |
Boston : |
| Name of publisher |
Kluwer Academic Publishers, |
| Year of publication |
c2001 |
| 300 ## - PHYSICAL DESCRIPTION |
| Number of Pages |
viii, 303 p. : |
| Other physical details |
ill. ; |
| Dimensions |
25 cm |
| 490 1# - SERIES STATEMENT |
| Series statement |
Institute for Global Environmental Strategies ; |
| 650 #0 - SUBJECT ADDED ENTRY--TOPICAL TERM |
| Topical Term |
Economic development |
| 650 #0 - SUBJECT ADDED ENTRY--TOPICAL TERM |
| Topical Term |
Environmental economics |
| 650 #0 - SUBJECT ADDED ENTRY--TOPICAL TERM |
| Topical Term |
Twenty-first century |
| 700 1# - ADDED ENTRY--PERSONAL NAME |
| Personal name |
Matsushita, K |
| 700 1# - ADDED ENTRY--PERSONAL NAME |
| Personal name |
Helten, Randal |
| 942 ## - ADDED ENTRY ELEMENTS (KOHA) |
| Koha item type |
ADB |
| 952 ## - LOCATION AND ITEM INFORMATION (KOHA) |
| Withdrawn status [LOCAL, KOHA] |
0 |